Nomi dei Papi - Statistics

Statistiche generali
  • Questo quiz è stato fatto 466 volte
  • Il punteggio medio è 34 su 81
Statistiche sulle risposte
Nome ponteficiale % Corretto
Giovanni
95%
Francesco
92%
Pietro
89%
Paolo
88%
Giovanni Paolo
83%
Leone
83%
Benedetto
81%
Pio
81%
Alessandro
73%
Gregorio
72%
Bonifacio
69%
Clemente
67%
Innocenzo
63%
Celestino
62%
Urbano
61%
Marco
60%
Giulio
57%
Sisto
55%
Lino
53%
Adriano
50%
Stefano
50%
Anacleto
48%
Marcello
47%
Silvestro
45%
Callisto
43%
Martino
43%
Niccolò
42%
Lucio
41%
Onorio
41%
Anastasio
40%
Felice
40%
Sergio
39%
Marcellino
38%
Pasquale
38%
Valentino
38%
Eugenio
37%
Marino
37%
Adeodato
35%
Agapito
35%
Costantino
35%
Formoso
35%
Ilario
35%
Vittore
35%
Evaristo
34%
Zaccaria
34%
Damaso
33%
Gelasio
33%
Caio
31%
Dono
31%
Eleuterio
30%
Agatone
29%
Aniceto
29%
Fabiano
29%
Romano
29%
Teodoro
29%
Igino
28%
Lando
27%
Zosimo
27%
Conone
26%
Eutichiano
26%
Ponziano
26%
Severino
26%
Cornelio
25%
Milziade
25%
Ormisda
25%
Pelagio
25%
Silverio
25%
Telesforo
25%
Antero
24%
Dionisio
24%
Eusebio
24%
Liberio
24%
Simmaco
24%
Simplicio
24%
Sisinnio
24%
Vigilio
24%
Siricio
23%
Vitaliano
23%
Sabiniano
22%
Sotero
22%
Zeferino
12%
Nessun quiz corrispondente trovato
Distribuzione punteggi
Percentuale di utenti per punteggio
Percentile per numero di risposta
I tuoi punteggi nel tempo
Non hai fatto questo quiz